000 02240cam a2200337 4500500
005 20260208003342.0
041 _afre
042 _adc
100 1 0 _aSendra, Sophie
_eauthor
245 0 0 _aÉpistémologie d'un best-seller : Aldous Huxley, Les portes de la perception
260 _c2009.
500 _a3
520 _aRésuméCet article questionne la fonction et la signification des états de réalité non ordinaire, nommés aussi états de modification de la conscience. A travers des théories philosophiques, nous lirons l’un des plus fameux livres d’Aldous Huxley, Les portes de la perception. Nous examinerons comment l’auteur explique ces modifications. Loin de nous focaliser sur une analyse étroitement liée à la philosophie, nous essayerons de définir les limites de la perception de notre conscience. Nous nous questionnerons sur la possibilité de ce que nous nommons une philosophie plus étendue et sur la relativité possible de la perception à travers ces états de perception non ordinaire.
520 _aThis article tries to question the function and the signification of states of non ordinary reality also called states of modification of conscience. Through philosophic theories, we’ll try to discover one of the most famous book of Aldous Huxley, The Doors of Perception. We’ll also see how the author explains these modifications. Far from focus ourselves on an analysis tied to philosophy, we’ll try to define the perceptives limits of our conscience. We’ll question ourselves on a possibility of what we called a wider philosophy, and on a possible relativity of perception through these states of non ordinary reality.
690 _aconscience
690 _aHuxley
690 _alittérature
690 _amodification
690 _aperception
690 _aréalité
690 _arelativité
690 _aconscience
690 _aHuxley
690 _aliterature
690 _amodification
690 _aperception
690 _areality
690 _arelativity
786 0 _nPsychologie Clinique | 27 | 1 | 2009-06-01 | p. 33-47 | 1145-1882
856 4 1 _uhttps://shs.cairn.info/revue-psychologie-clinique-2009-1-page-33?lang=fr&redirect-ssocas=7080
999 _c1647638
_d1647638